Celoživotné vzdelávanie
Ciele celoživotného vzdelávania. Druhy ďalšieho vzdelávania. Charakteristika vzdelávacej inštitúcie. Akreditácia vzdelávacieho programu. Odborný garant a lektor. Potvrdenie o akreditácii vzdelávacieho programu. Zánik akreditácie vzdelávacieho programu. Oprávnené vzdelávacie inštitúcie.
Enregistré dans:
| Auteur principal: | |
|---|---|
| Format: | Chapitre de livre |
| Langue: | slovaque |
| Sujets: | |
| Tags: |
Pas de tags, Soyez le premier à ajouter un tag!
|
MARC
| LEADER | 00000naa a2200000 4500 | ||
|---|---|---|---|
| 001 | 0248085 | ||
| 005 | 20181004150200.8 | ||
| 041 | 0 | |a slo | |
| 044 | |a SK | ||
| 245 | 1 | 0 | |a Celoživotné vzdelávanie |c Miroslav Tichý |
| 520 | |a Ciele celoživotného vzdelávania. Druhy ďalšieho vzdelávania. Charakteristika vzdelávacej inštitúcie. Akreditácia vzdelávacieho programu. Odborný garant a lektor. Potvrdenie o akreditácii vzdelávacieho programu. Zánik akreditácie vzdelávacieho programu. Oprávnené vzdelávacie inštitúcie. | ||
| 610 | 2 | 0 | |a vzdelávanie celoživotné |
| 610 | 2 | 0 | |a vzdelávanie ďalšie |
| 610 | 2 | 0 | |a inštitúcie vzdelávacie |
| 610 | 2 | 0 | |a školy |
| 610 | 2 | 0 | |a akreditácia |
| 610 | 2 | 0 | |a ministerstvá |
| 100 | 1 | |a Tichý, Miroslav | |